[Event "Liege Soultanbeieff op"]
[Site "Liege"]
[Date "2012.04.13"]
[Round "9"]
[White "Fermeuse, Georges"]
[Black "Messaoudi, Mohammed"]
[Result "1-0"]
[WhiteElo "1854"]
[BlackElo "1653"]
[PlyCount "93"]
[EventDate "2012.01.27"]
[EventType "swiss"]
[EventRounds "9"]
[EventCountry "BEL"]
[SourceTitle "EXT 2013"]
[Source "ChessBase"]
[SourceDate "2012.11.22"]
[SourceVersion "1"]
[SourceVersionDate "2012.11.22"]
[SourceQuality "1"]

1. f4 Nc6 2. Nf3 d6 3. e4 Bg4 4. Bc4 e6 5. c3 Nf6 6. d3 Be7 7. Be3 0-0 8. Nbd2 Bh5 9. h3 d5 10. Bb3 dxe4 11. dxe4 Bg6 12. Bc2 Nh5 13. 0-0 Ng3 14. Re1 h5 15. Bf2 h4 16. Nf1 Bd6 17. e5 Bxc2 18. Qxc2 Be7 19. Rad1 Qe8 20. Nxg3 hxg3 21. Bxg3 Bc5+ 22. Kh1 Ne7 23. Bf2 Qc6 24. Ng5 g6 25. Ne4 Bxf2 26. Qxf2 Kg7 27. Rd2 Rad8 28. Rxd8 Rxd8 29. Qh4 Rd7 30. Nf6 Rd2 31. Qh7+ Kf8 32. Qh8+ Ng8 33. Qxg8+ Ke7 34. Ne4 Rxb2 35. Kh2 Qd5 36. Qg7 Rxa2 37. Qf6+ Kf8 38. Qh8+ Ke7 39. Qf6+ Kf8 40. Qh4 a5 41. c4 Qd4 42. Qg4 a4 43. Nf6 Ra1 44. Rxa1 Qxa1 45. Qh4 Ke7 46. Nd5+ Kf8 47. Qh8# 1-0

[Event "Liege Soultanbeieff op"]
[Site "Liege"]
[Date "2012.03.02"]
[Round "5"]
[White "Fermeuse, Georges"]
[Black "Remont, Leopold"]
[Result "1-0"]
[WhiteElo "1954"]
[BlackElo "1952"]
[PlyCount "135"]
[EventDate "2012.01.27"]
[EventType "swiss"]
[EventRounds "9"]
[EventCountry "BEL"]
[SourceTitle "EXT 2013"]
[Source "ChessBase"]
[SourceDate "2012.11.22"]
[SourceVersion "1"]
[SourceVersionDate "2012.11.22"]
[SourceQuality "1"]

1. e4 e5 2. Bc4 Nf6 3. d3 Nc6 4. Nc3 Be7 5. f4 d6 6. Nf3 Bg4 7. h3 Bxf3 8. Qxf3 Nd4 9. Qd1 c6 10. fxe5 dxe5 11. a3 Qd6 12. Be3 0-0 13. 0-0 b5 14. Ba2 a5 15. Ne2 c5 16. Ng3 g6 17. Rf2 Ne6 18. Qd2 Ne8 19. Raf1 f6 20. Qe2 Kh8 21. Bh6 N8g7 22. Qg4 Ra6 23. Kh2 Rg8 24. Kh1 Re8 25. h4 Qd7 26. Bxg7+ Kxg7 27. Nh5+ Kh8 28. Nxf6 Bxf6 29. Rxf6 Rd6 30. Bxe6 Rdxe6 31. Qf3 Rxf6 32. Qxf6+ Kg8 33. h5 Qe6 34. hxg6 hxg6 35. Qg5 Kg7 36. Rf3 Rh8+ 37. Kg1 c4 38. Qe3 cxd3 39. cxd3 Qd7 40. Qc5 Re8 41. Qb6 Re6 42. Qxa5 Qd4+ 43. Kh2 Qd7 44. Qc3 Qd8 45. b3 Qh4+ 46. Kg1 Qe7 47. Qc1 Rd6 48. Qc5 Rd7 49. Qxb5 Rb7 50. Qc6 Rc7 51. Qd5 Rc2 52. Qa5 Rc1+ 53. Rf1 Rc5 54. Qd2 Rc6 55. b4 Ra6 56. Qc1 Qa7+ 57. Kh1 Qe7 58. Rf3 g5 59. Rf5 Kg6 60. Qc8 Qh7+ 61. Kg1 Qa7+ 62. Kf1 Qe3 63. Qxa6+ Kh5 64. Qc6 Qxd3+ 65. Kg1 Qe3+ 66. Rf2 Qe1+ 67. Rf1 Qe3+ 68. Kh1 1-0